[Event "Regionalliga SW 1112"]
[Site "Bayern"]
[Date "2012.01.15"]
[Round "5.1"]
[White "Dehlinger, Alexander"]
[Black "Rogobete, Nikolas Johann"]
[Result "1/2-1/2"]
[WhiteElo "2171"]
[BlackElo "2147"]
[PlyCount "27"]
[EventDate "2011.10.02"]
[EventType "team-tourn"]
[EventRounds "9"]
[EventCountry "GER"]
[SourceTitle "EXT 2013"]
[Source "ChessBase"]
[SourceDate "2012.11.22"]
[SourceVersion "1"]
[SourceVersionDate "2012.11.22"]
[SourceQuality "1"]
[WhiteTeam "Garching II"]
[BlackTeam "Tuerkheim/Bad Woerishofen"]
[WhiteTeamCountry "GER"]
[BlackTeamCountry "GER"]

1. Nf3 g6 2. c4 Bg7 3. g3 c5 4. Bg2 Nc6 5. Nc3 e6 6. 0-0 Nge7 7. e3 Nf5 8. Ne1 h5 9. h3 0-0 10. a3 b6 11. b4 Bb7 12. Rb1 Rb8 13. Qb3 d6 14. Nc2 1/2-1/2

[Event "Regionalliga SW 1011"]
[Site "Bayern"]
[Date "2011.04.10"]
[Round "9.1"]
[White "Pitl, Gregory"]
[Black "Rogobete, Nikolas Johann"]
[Result "1-0"]
[WhiteElo "2334"]
[BlackElo "2175"]
[PlyCount "101"]
[EventDate "2010.10.10"]
[EventType "team-tourn"]
[EventRounds "9"]
[EventCountry "GER"]
[SourceTitle "EXT 2012"]
[Source "ChessBase"]
[SourceDate "2011.11.24"]
[SourceVersion "1"]
[SourceVersionDate "2011.11.24"]
[SourceQuality "1"]
[WhiteTeam "Goeggingen"]
[BlackTeam "Tuerkheim/Bad Woerishofen"]
[WhiteTeamCountry "GER"]
[BlackTeamCountry "GER"]

1. d4 Nf6 2. c4 g6 3. Nc3 Bg7 4. e4 d6 5. Be2 0-0 6. Be3 e5 7. Nf3 exd4 8. Nxd4 Nc6 9. f3 Nxd4 10. Bxd4 Be6 11. Qd2 Nd7 12. Bxg7 Kxg7 13. 0-0 Ne5 14. f4 Nc6 15. f5 Bd7 16. Rad1 f6 17. c5 Ne5 18. cxd6 Bc6 19. Bb5 cxd6 20. Bxc6 bxc6 21. Qxd6 Qb6+ 22. Qd4 Qxb2 23. Rb1 Qa3 24. Rb7+ Rf7 25. Rxf7+ Kxf7 26. fxg6+ Kxg6 27. Ne2 Qe7 28. Nf4+ Kf7 29. Qc3 Kg8 30. Nh5 Rf8 31. Rf5 Qd8 32. h3 Qe7 33. Nxf6+ Rxf6 34. Rxe5 Qd6 35. Re8+ Kf7 36. Ra8 Qf4 37. Rxa7+ Kg6 38. Rd7 Qxe4 39. Qg3+ Kf5 40. Rxh7 Rg6 41. Qf2+ Ke6 42. Qf7+ Kd6 43. Qf8+ Kd5 44. Rd7+ Kc4 45. Qf1+ Kc5 46. Qc1+ Kb6 47. Qb2+ Kc5 48. Qa3+ Kb6 49. Qa7+ Kb5 50. Rb7+ Kc4 51. Qa4+ 1-0

[Event "Regionalliga SW 1011"]
[Site "Bayern"]
[Date "2010.11.14"]
[Round "3.1"]
[White "Jussupow, Nadejda"]
[Black "Rogobete, Nikolas Johann"]
[Result "1/2-1/2"]
[WhiteElo "2055"]
[BlackElo "2175"]
[PlyCount "80"]
[EventDate "2010.10.10"]
[EventType "team-tourn"]
[EventRounds "9"]
[EventCountry "GER"]
[SourceTitle "EXT 2012"]
[Source "ChessBase"]
[SourceDate "2011.11.24"]
[SourceVersion "1"]
[SourceVersionDate "2011.11.24"]
[SourceQuality "1"]
[WhiteTeam "Krumbach II"]
[BlackTeam "Tuerkheim/Bad Woerishofen"]
[WhiteTeamCountry "GER"]
[BlackTeamCountry "GER"]

1. d4 g6 2. Nf3 Bg7 3. c4 c6 4. Nc3 Nf6 5. Bg5 h6 6. Bf4 d6 7. h3 Bf5 8. e3 0-0 9. Bd3 Bxd3 10. Qxd3 Na6 11. a3 c5 12. 0-0 Rc8 13. Rac1 Qb6 14. Rfe1 Rfd8 15. d5 Nc7 16. e4 Qb3 17. Nd2 Qb6 18. e5 dxe5 19. Bxe5 e6 20. Na4 Qa5 21. Bxf6 Bxf6 22. Ne4 Bd4 23. Naxc5 exd5 24. Qxd4 dxe4 25. Qe3 Qd2 26. Nxe4 Qxe3 27. Rxe3 Ne6 28. Kf1 Rd4 29. b3 Kg7 30. Rce1 a6 31. g3 b5 32. c5 b4 33. axb4 Rxb4 34. Rc1 Rc6 35. f3 f5 36. Nd6 Rxc5 37. Ra1 Nd4 38. Rxa6 Rc1+ 39. Kf2 Rc2+ 40. Kf1 Rc1+ 1/2-1/2

[Event "Regionalliga SW 0910"]
[Site "Bayern"]
[Date "2010.04.11"]
[Round "9.1"]
[White "Mueller, Werner3333"]
[Black "Rogobete, Nikolas Johann"]
[Result "0-1"]
[WhiteElo "2154"]
[BlackElo "2170"]
[PlyCount "160"]
[EventDate "2009.10.18"]
[EventType "team-tourn"]
[EventRounds "9"]
[EventCountry "GER"]
[SourceTitle "EXT 2011"]
[Source "ChessBase"]
[SourceDate "2010.11.26"]
[SourceVersion "1"]
[SourceVersionDate "2010.11.26"]
[SourceQuality "1"]
[WhiteTeam "Goeggingen"]
[BlackTeam "Tuerkheim/Bad Woerishofen"]
[WhiteTeamCountry "GER"]
[BlackTeamCountry "GER"]

1. e4 d6 2. d4 Nf6 3. Nc3 e5 4. Nf3 Nbd7 5. Bc4 Be7 6. Qe2 0-0 7. Bg5 c6 8. a4 Qa5 9. Bd2 Qc7 10. 0-0 b6 11. dxe5 dxe5 12. Nh4 Nc5 13. Nf5 Be6 14. b4 Bxc4 15. Qxc4 Ne6 16. f4 Bd8 17. fxe5 Qxe5 18. g3 Nh5 19. Qxc6 Bf6 20. Nd5 Nd4 21. Nxf6+ Nxf6 22. Nh6+ gxh6 23. Qxf6 Ne2+ 24. Kg2 Qxe4+ 25. Qf3 Qxf3+ 26. Rxf3 Nd4 27. Rf4 Ne6 28. Rg4+ Ng5 29. h4 f5 30. Rc4 Ne4 31. Bxh6 Rfc8 32. Rxc8+ Rxc8 33. Rc1 Rc4 34. c3 Rxc3 35. Rxc3 Nxc3 36. a5 Kf7 37. Kf3 Ke6 38. Be3 Nd5 39. axb6 axb6 40. Bd4 b5 41. Bc5 h5 42. Bf8 Kf6 43. Bd6 Nc3 44. Ke3 Ke6 45. Bf8 Ne4 46. Kf4 Kf6 47. Bh6 Nc3 48. Bf8 Ne2+ 49. Kf3 Nd4+ 50. Ke3 Ne6 51. Bd6 Kf7 52. Kd3 Ke8 53. Bf4 Kd7 54. Bh6 Kc6 55. Bd2 Kd5 56. Be3 Nd8 57. Bd2 Nf7 58. Bf4 Nd8 59. Bd2 Ne6 60. Be3 Ke5 61. Bd2 Nd8 62. Bf4+ Kd5 63. Bd2 Nc6 64. Bc3 Na7 65. Bd4 Nc6 66. Bc3 Kd6 67. Ke3 Ne7 68. Kd4 Nc6+ 69. Kd3 Kd5 70. Be1 Ne5+ 71. Ke3 Kc4 72. Bd2 Nd3 73. Kf3 Kd4 74. Ke2 Ke4 75. Bc3 Nc1+ 76. Kd1 Kd3 77. Be5 Na2 78. Bd6 Nc3+ 79. Ke1 Ne4 80. Bc7 Ke3 0-1

[Event "Bad Woerishofen op 26th"]
[Site "Bad Woerishofen"]
[Date "2010.03.10"]
[Round "5"]
[White "Heppell, Ian"]
[Black "Rogobete, Nikolas Johann"]
[Result "1/2-1/2"]
[WhiteElo "2136"]
[BlackElo "2273"]
[PlyCount "41"]
[EventDate "2010.03.06"]
[EventType "swiss"]
[EventRounds "9"]
[EventCountry "GER"]
[SourceTitle "CBM 135 Extra"]
[Source "ChessBase"]
[SourceDate "2010.05.04"]
[SourceVersion "1"]
[SourceVersionDate "2010.05.04"]
[SourceQuality "1"]

1. e4 e5 2. Nf3 Nc6 3. d4 exd4 4. c3 d5 5. exd5 Qxd5 6. cxd4 Bg4 7. Be2 Bb4+ 8. Nc3 Bxf3 9. Bxf3 Qc4 10. Bxc6+ bxc6 11. Qe2+ Qxe2+ 12. Kxe2 0-0-0 13. Be3 Ne7 14. Kd3 Nf5 15. Kc4 Ba5 16. Rad1 Bb6 17. b4 Rhe8 18. Rd3 h5 19. g3 Re6 20. Rhd1 f6 21. h4 1/2-1/2

[Event "Regionalliga SW 0910"]
[Site "Bayern"]
[Date "2009.12.13"]
[Round "4.1"]
[White "Kostic, Vladimir G"]
[Black "Rogobete, Nikolas Johann"]
[Result "1-0"]
[WhiteElo "2412"]
[BlackElo "2170"]
[PlyCount "103"]
[EventDate "2009.10.18"]
[EventType "team-tourn"]
[EventRounds "9"]
[EventCountry "GER"]
[SourceTitle "EXT 2011"]
[Source "ChessBase"]
[SourceDate "2010.11.26"]
[SourceVersion "1"]
[SourceVersionDate "2010.11.26"]
[SourceQuality "1"]
[WhiteTeam "Muenchen Suedost"]
[BlackTeam "Tuerkheim/Bad Woerishofen"]
[WhiteTeamCountry "GER"]
[BlackTeamCountry "GER"]

1. d4 Nf6 2. c4 g6 3. Nc3 Bg7 4. e4 d6 5. f3 0-0 6. Be3 e5 7. Nge2 exd4 8. Nxd4 Nc6 9. Qd2 Re8 10. Be2 Bd7 11. 0-0 Nxd4 12. Bxd4 Bc6 13. b4 b6 14. Nd5 a5 15. a3 Bb7 16. Qb2 Bxd5 17. cxd5 Nh5 18. Bxg7 Nxg7 19. Bb5 Re5 20. Bc6 Rb8 21. Rae1 axb4 22. f4 bxa3 23. Qxa3 Rh5 24. e5 Qh4 25. Qg3 Qxg3 26. hxg3 dxe5 27. g4 Rh4 28. fxe5 Rxg4 29. e6 f5 30. Ra1 Rc4 31. Rfe1 Re4 32. Rec1 Rd4 33. Ra7 b5 34. Rxc7 b4 35. Ba4 h5 36. Rc8+ Rxc8 37. Rxc8+ Kh7 38. Bc6 b3 39. Rb8 Rd3 40. e7 Kh6 41. Kf2 f4 42. e8Q Nxe8 43. Rxe8 Kg5 44. Rb8 Kf6 45. Be8 Ke5 46. Bxg6 Rd2+ 47. Kf3 b2 48. Rb5 Kd4 49. Bxh5 Kc4 50. Rb8 Kc3 51. Bg6 Rd4 52. Be4 1-0

[Event "Regionalliga SW 0809"]
[Site "Bayern"]
[Date "2009.03.15"]
[Round "8.1"]
[White "Rogobete, Nikolas Johann"]
[Black "Wolfsteiner, Helmut"]
[Result "1/2-1/2"]
[WhiteElo "2151"]
[BlackElo "2255"]
[PlyCount "118"]
[EventDate "2008.10.05"]
[EventType "team-tourn"]
[EventRounds "9"]
[EventCountry "GER"]
[SourceTitle "EXT 2020"]
[Source "ChessBase"]
[SourceDate "2019.10.17"]
[SourceVersion "1"]
[SourceVersionDate "2019.10.17"]
[SourceQuality "1"]
[WhiteTeam "Tuerkheim"]
[BlackTeam "Kriegshaber"]
[WhiteTeamCountry "GER"]
[BlackTeamCountry "GER"]

1. e4 c5 2. Nf3 d6 3. d4 cxd4 4. Nxd4 Nf6 5. Nc3 a6 6. Bg5 e6 7. f4 Be7 8. Qf3 Qc7 9. 0-0-0 Nbd7 10. Bd3 h6 11. Qh3 Nc5 12. Kb1 Bd7 13. f5 0-0-0 14. Bh4 Kb8 15. Rhe1 Rhe8 16. Bg3 e5 17. Nb3 Na4 18. Nxa4 Bxa4 19. Nd2 Rc8 20. Rc1 Nd7 21. Bh4 Nb6 22. Bxe7 Qxe7 23. Qe3 Qc7 24. b3 Bc6 25. c4 Nd7 26. Kb2 Qa5 27. Nb1 Qc5 28. Nc3 Nf6 29. h3 Re7 30. g4 Ne8 31. a3 a5 32. h4 Nc7 33. g5 hxg5 34. hxg5 Rh8 35. Qxc5 dxc5 36. Rh1 Ree8 37. Nd5 Rd8 38. Be2 Rxh1 39. Rxh1 Bxd5 40. cxd5 Ne8 41. Rh7 Nd6 42. Rxg7 Rh8 43. Bd3 Rh2+ 44. Kc3 b5 45. Bxb5 Nxb5+ 46. Kd3 Rh3+ 47. Kd2 Nd6 48. Kc2 Rh2+ 49. Kd3 Rb2 50. g6 fxg6 51. Rxg6 Rxb3+ 52. Kc2 Rb6 53. Re6 Kc7 54. f6 Kd7 55. Rxe5 Nc4 56. Re7+ Kd8 57. e5 Ne3+ 58. Kd3 Nxd5 59. Ra7 Nxf6 1/2-1/2

[Event "Regionalliga SW 0708"]
[Site "Bayern"]
[Date "2008.02.17"]
[Round "6.1"]
[White "Rogobete, Nikolas Johann"]
[Black "Hoy, Ralph"]
[Result "1/2-1/2"]
[WhiteElo "2164"]
[BlackElo "2104"]
[PlyCount "36"]
[EventDate "2007.10.21"]
[EventType "team-tourn"]
[EventRounds "9"]
[EventCountry "GER"]
[SourceTitle "EXT 2009"]
[Source "ChessBase"]
[SourceDate "2008.11.26"]
[SourceVersion "1"]
[SourceVersionDate "2008.11.26"]
[SourceQuality "1"]
[WhiteTeam "Tuerkheim"]
[BlackTeam "Klosterlechfeld"]
[WhiteTeamCountry "GER"]
[BlackTeamCountry "GER"]

1. e4 e5 2. Nf3 d6 3. d4 exd4 4. Nxd4 Nf6 5. Bd3 c5 6. Ne2 Be6 7. c4 Nc6 8. 0-0 g6 9. Nbc3 Bg7 10. Bg5 h6 11. Bh4 g5 12. Bg3 h5 13. h4 Ng4 14. hxg5 Qxg5 15. Bf4 Qh4 16. Bg3 Qg5 17. Bf4 Qh4 18. Bg3 Qg5 1/2-1/2

[Event "Bayern-chI Bank Hofmann 11th"]
[Site "Bad Wiessee"]
[Date "2007.11.15"]
[Round "7"]
[White "Meins, Gerlef"]
[Black "Rogobete, Nikolas Johann"]
[Result "1-0"]
[WhiteElo "2443"]
[BlackElo "2269"]
[PlyCount "118"]
[EventDate "2007.11.10"]
[EventType "swiss"]
[EventRounds "9"]
[EventCountry "GER"]
[SourceTitle "CBM 121 Extra"]
[Source "ChessBase"]
[SourceDate "2008.01.10"]
[SourceVersion "1"]
[SourceVersionDate "2008.01.10"]
[SourceQuality "1"]

1. d4 d5 2. c4 c6 3. Nf3 Nf6 4. cxd5 cxd5 5. Nc3 Nc6 6. Bf4 Ne4 7. e3 Nxc3 8. bxc3 g6 9. Be2 Bg7 10. 0-0 0-0 11. c4 dxc4 12. Bxc4 Bg4 13. Rb1 Na5 14. Be2 Rc8 15. Qa4 Bf5 16. Rbc1 Qb6 17. Qa3 Nc6 18. Rc4 Be6 19. Rc5 Qb4 20. Qxb4 Nxb4 21. Rb1 Rxc5 22. dxc5 a5 23. a3 Ba2 24. Rd1 Nd5 25. Be5 Bxe5 26. Nxe5 Nc3 27. Rd2 Nxe2+ 28. Rxe2 Rd8 29. f4 Bb3 30. a4 f6 31. Rb2 Rd1+ 32. Kf2 Bd5 33. e4 Bxe4 34. Nc4 Rd4 35. Nxa5 Rxa4 36. Nxb7 Rc4 37. Ke3 Kf8 38. Na5 Ra4 39. c6 Rxa5 40. Kxe4 Rc5 41. Rb6 e6 42. Rb8+ Ke7 43. Rb7+ Kd6 44. Rxh7 Rxc6 45. Rg7 Rc4+ 46. Ke3 Kd5 47. Rxg6 Rc3+ 48. Kf2 f5 49. h4 Ke4 50. g3 Rc2+ 51. Kg1 Kf3 52. h5 Rc8 53. h6 Re8 54. Kh2 e5 55. fxe5 Rxe5 56. Rg5 Re6 57. Rh5 Kg4 58. Rh4+ Kg5 59. h7 Re8 1-0

[Event "Augsburg Afro op"]
[Site "Augsburg"]
[Date "2003.08.07"]
[Round "1"]
[White "Lindner, Heribert"]
[Black "Rogobete, Nikolas Johann"]
[Result "1-0"]
[WhiteElo "1652"]
[BlackElo "2129"]
[PlyCount "61"]
[EventDate "2003.08.06"]
[EventType "swiss"]
[EventRounds "7"]
[EventCountry "GER"]
[SourceTitle "EXT 2006"]
[Source "ChessBase"]
[SourceDate "2005.11.24"]
[SourceVersion "1"]
[SourceVersionDate "2005.11.24"]
[SourceQuality "1"]

1. c4 d6 2. Nc3 g6 3. g3 Bg7 4. Bg2 c6 5. Nf3 e5 6. 0-0 f5 7. d3 Nf6 8. Bd2 0-0 9. Rb1 Kh8 10. b4 Be6 11. b5 Nbd7 12. bxc6 bxc6 13. Ng5 Bg8 14. Bxc6 a6 15. Bxa8 Qxa8 16. Nf3 g5 17. Qb3 Nc5 18. Qb4 Be6 19. Nxe5 Re8 20. Nb5 Qd8 21. Be3 a5 22. Qa3 Nb7 23. Nd4 Qc7 24. Nxe6 Rxe6 25. Qb3 Nc5 26. Qb8+ Qxb8 27. Rxb8+ Ne8 28. Bxc5 dxc5 29. f4 gxf4 30. gxf4 Bxe5 31. fxe5 1-0